000 00421nam a2200145 4500
001 124159
003 ES-MaACL
007 t|
008 070214s1933 mx r ||||1| spa d
100 1 _aRamos, José Antonio.
_995265
245 1 0 _aEn las manos de Dios
_b: drama en un prólogo y dos actos /
_cJosé Antonio Ramos.
260 _aMéxico :
_bLuiomex,
_c1933.
300 _a130 p. ;
_c19 cm.
852 _aES-MaACL
_jB-8459
999 _c124159
_d124159